Online
Catalog

Antología / (Record no. 2908)

MARC details
000 -CABECERA
campo de control de longitud fija 00550cam a2200181 a 4500
001 - NÚMERO DE CONTROL
campo de control 000003077
005 - FECHA Y HORA DE LA ÚLTIMA TRANSACCIÓN
campo de control 20200929150325.0
008 - DATOS DE LONGITUD FIJA--INFORMACIÓN GENERAL
campo de control de longitud fija 780928s1983 sp 000 p spa
040 ## - FUENTE DE LA CATALOGACIÓN
Centro catalogador/agencia de origen DO-SdBNP
Centro/agencia transcriptor spa
Centro/agencia modificador BNPHU
082 ## - NÚMERO DE LA CLASIFICACIÓN DECIMAL DEWEY
Número de clasificación N861.08
Número de documento/Ítem C266a
100 1# - ENTRADA PRINCIPAL--NOMBRE DE PERSONA
Nombre de persona Cardenal, Ernesto,
Fechas asociadas al nombre 1925-
9 (RLIN) 8090
240 10 - TÍTULO UNIFORME
Título uniforme Poems.
Subencabezamiento de forma Selections
245 10 - MENCIÓN DE TÍTULO
Título Antología /
Mención de responsabilidad, etc. Ernesto Cardenal.
260 ## - PUBLICACIÓN, DISTRIBUCIÓN, ETC.
Lugar de publicación, distribución, etc. Managua :
Nombre del editor, distribuidor, etc. Monimbó,
Fecha de publicación, distribución, etc. 1983.
300 ## - DESCRIPCIÓN FÍSICA
Extensión 309 p. ;
Dimensiones 19 cm.
650 #4 - PUNTO DE ACCESO ADICIONAL DE MATERIA--TÉRMINO DE MATERIA
Término de materia o nombre geográfico como elemento de entrada Poesía nicaragüense
Subdivisión general Colecciones
9 (RLIN) 8091
650 #4 - PUNTO DE ACCESO ADICIONAL DE MATERIA--TÉRMINO DE MATERIA
Término de materia o nombre geográfico como elemento de entrada Literatura nicaragüense
Subdivisión general Colecciones
9 (RLIN) 8092
Holdings
Estado de retiro Estado de pérdida Restricciones de uso No para préstamo Código de colección Localización permanente Ubicación/localización actual Ubicación en estantería Fecha de adquisición Número de inventario Total de préstamos Signatura topográfica completa Código de barras Fecha visto por última vez Precio válido a partir de Tipo de ítem Koha Número de copia
      Excluido de préstamo Monografías: Libros y Folletos General General Depósito 06.07.2009 LF1   N861.08 C266a 3077-10 25.06.2020 25.06.2020 No se presta  
  Extraviado   Excluido de préstamo Monografías: Libros y Folletos General General Extraviado 10.05.2010 LF1   N861.08 C266a 3077-20 25.06.2020 25.06.2020 No se presta e. 2
  Extraviado     Monografías: Libros y Folletos General General Extraviado 05.04.2017 LF1   N861.08 C266a 3077-30 25.06.2020 25.06.2020 Préstamo en sala e. 3

Powered by Koha